| 000 | 00384nam a22001577a 4500 | ||
|---|---|---|---|
| 020 | _a082470536X | ||
| 082 |
_a637.01579 _bMAR/AP |
||
| 245 | _aApplied Dairy Microbiology | ||
| 250 | _a2 | ||
| 260 |
_aNew York _bMarcel Dekker, Inc _c2001 |
||
| 300 | _a744 | ||
| 650 |
_aDairy Microbilogy _9230 |
||
| 700 |
_aMarth, Elmer H _9229 |
||
| 700 |
_aSteele, James L _9560 |
||
| 942 | _cBK | ||
| 999 |
_c14184 _d14184 |
||